LEADER 00904nam0-22003251i-450- 001 990000143620403321 005 20160318102232.0 010 $a0-471-95220-6 035 $a000014362 035 $aFED01000014362 035 $a(Aleph)000014362FED01 035 $a000014362 100 $a20020821d--------km-y0itay50------ba 101 0 $aita 105 $ay-------001yy 200 1 $aSpacecraft systems engineering$fedited by Peter Fortescue and John Stark. 205 $a2nd. ed. 210 $aChichester$cJ. Wiley and sons$d1997 215 $aXVIII, 581 p.$cill.$d24 cm 610 0 $aIngegneria aeronautica 610 0 $aVeicoli spaziali$aProgettazione 676 $a629.474 702 1$aFortescue,$bPeter 702 1$aStark,$bJohn 801 0$aIT$bUNINA$gRICA$2UNIMARC 901 $aBK 912 $a990000143620403321 952 $a13 F 14 35$b10557$fFINBC 959 $aFINBC 997 $aUNINA